Построение волновых фронтов в анизотропных средах; Геофизические методы при разведке недр

Бібліографічні деталі
Parent link:Геофизические методы при разведке недр.— 2016.— [С.45-47]
Автор: Мельникова Н. А.
Співавтор: Национальный исследовательский Томский политехнический университет (ТПУ) Институт природных ресурсов (ИПР) Кафедра геофизики (ГЕОФ)
Інші автори: Немирович-Данченко М. М. Михаил Михайлович, Ислямова А. А. Александра Андреевна
Резюме:Заглавие с экрана
При интерпретации данных в сейсмологии и сейсморазведке одним из основных параметров является время распространения фронта поперечной (продольной) волны от источника до приемников. Задача построения фронтов является тривиальной лишь для изотропных однородных сред. В случае же реальных геосред (неоднородных, слоистых, первично-анизотропных, блочных и т. п.) построение фронтов сопряжено с рядом вычислительных особенностей. В предлагаемой работе приводятся некоторые способы вычисления фронтов упругих волн для анизотропных сред.
Мова:Російська
Опубліковано: 2016
Серія:Теория методов, методика, региональные исследования
Предмети:
Онлайн доступ:http://earchive.tpu.ru/handle/11683/21970
Формат: Електронний ресурс Частина з книги
KOHA link:https://koha.lib.tpu.ru/cgi-bin/koha/opac-detail.pl?biblionumber=617848

MARC

LEADER 00000naa2a2200000 4500
001 617848
005 20240206113301.0
035 |a (RuTPU)RU\TPU\conf\16190 
035 |a RU\TPU\conf\16189 
090 |a 617848 
100 |a 20160420d2016 k y0rusy50 ca 
101 0 |a rus 
102 |a RU 
105 |a y z 101zy 
135 |a drgn ---uucaa 
181 0 |a i  
182 0 |a b 
200 1 |a Построение волновых фронтов в анизотропных средах  |f Н. А. Мельникова, М. М. Немирович-Данченко, А. А. Ислямова 
203 |a Текст  |c электронный 
225 1 |a Теория методов, методика, региональные исследования 
300 |a Заглавие с экрана 
320 |a [Библиогр.: с. 47 (2 назв.)] 
330 |a При интерпретации данных в сейсмологии и сейсморазведке одним из основных параметров является время распространения фронта поперечной (продольной) волны от источника до приемников. Задача построения фронтов является тривиальной лишь для изотропных однородных сред. В случае же реальных геосред (неоднородных, слоистых, первично-анизотропных, блочных и т. п.) построение фронтов сопряжено с рядом вычислительных особенностей. В предлагаемой работе приводятся некоторые способы вычисления фронтов упругих волн для анизотропных сред. 
463 0 |0 (RuTPU)RU\TPU\conf\16136  |t Геофизические методы при разведке недр  |o материалы Всероссийской научно-практической конференции с международным участием, посвященной 70-летию основания в Томском политехническом институте кафедры "Геофизические методы поисков и разведки месторождений полезных ископаемых", 20–23 апреля 2016 г., Томск  |f Национальный исследовательский Томский политехнический университет (ТПУ)  |v [С.45-47]  |d 2016 
610 1 |a труды учёных ТПУ 
610 1 |a электронный ресурс 
610 1 |a волновые фронты 
610 1 |a анизотропные среды 
610 1 |a сейсмология 
610 1 |a сейсморазведка 
610 1 |a геосреды 
700 1 |a Мельникова  |b Н. А. 
701 1 |a Немирович-Данченко  |b М. М.  |c геофизик  |c профессор Томского политехнического университета, доктор физико-математических наук  |f 1955-  |g Михаил Михайлович  |3 (RuTPU)RU\TPU\pers\32023 
701 1 |a Ислямова  |b А. А.  |c геофизик  |c ассистент Томского политехнического университета  |f 1990-  |g Александра Андреевна  |3 (RuTPU)RU\TPU\pers\35501  |9 18683 
712 0 2 |a Национальный исследовательский Томский политехнический университет (ТПУ)  |b Институт природных ресурсов (ИПР)  |b Кафедра геофизики (ГЕОФ)  |3 (RuTPU)RU\TPU\col\18667 
801 2 |a RU  |b 63413507  |c 20160505  |g RCR 
856 4 |u http://earchive.tpu.ru/handle/11683/21970 
942 |c BK